| 000 | 01038nam a22002417a 4500 | ||
|---|---|---|---|
| 999 |
_c1160 _d1160 |
||
| 003 | AR-CdUCM | ||
| 008 | 190226b ||||| |||| 00| 0 eng d | ||
| 040 |
_aMUNICIPALIDAD PROVINCIAL DEL CUSCO _cBIBLIOTECA MUNICIPAL DEL CUSCO |
||
| 082 |
_a985.04 / _bR68 |
||
| 100 |
_aRivara De Tuesta, MarÍa Luisa _94542 |
||
| 245 | _aIdeólogos de la Emancipación Peruana / | ||
| 260 |
_aPerú : _bIndustrial Gráfica S. A. ; _c1971. |
||
| 300 |
_a130 páginas _c24cm |
||
| 440 |
_aComisión Nacional del Sesquicentenario de la Independencia del Perú _94543 |
||
| 505 | _aLa Ilustración Peruana y las fuentes Ideológicas se la Emancipación -- Las críticas al sistema político -- Las críticas al sistema jurídico -- Las críticas al sistema religioso -- La situación social y económica | ||
| 650 |
_aemancipación _9260 |
||
| 650 |
_aideología _94544 |
||
| 650 |
_asituación social _94545 |
||
| 650 |
_asituación religiosa _94546 |
||
| 650 |
_asituación jurídica _94547 |
||
| 942 |
_2ddc _cLIBROS |
||
| 945 |
_anom _d2019-02-26 |
||